000
00310nam a22001217a 4500
020
_a
9789380012117
082
_a
624.1517
_b
GHO/EL
100
_a
Ghosh,Jayanta Kumar
_9
896
245
_a
Elementary Engineering Surveying
260
_a
New Delhi
_b
Studium Press (India) Pvt.Ltd
_c
2010
300
_a
310
942
_c
BK
999
_c
14516
_d
14516